[Event "EYCC Girls U20 2021"]
[Site "Tornelo"]
[Date "2021.10.15"]
[Round "6.5"]
[White "Bucur, Denisa-Andreea"]
[Black "Nosacheva, Mariya"]
[Result "0-1"]
[WhiteElo "2049"]
[BlackElo "2239"]
[Annotator "TA"]
[PlyCount "112"]
[EventDate "2021.10.15"]
[EventType "swiss"]
[EventCountry "NET"]
[SourceTitle "playchess.com"]
[Source "ChessBase"]
[SourceQuality "1"]

{[%evp 23,112,16,32,-154,-158,-159,-97,-86,-86,-84,-76,-87,-85,-94,-21,-20,-48,-77,-60,-64,-50,-96,0,0,0,-52,-43,-112,-109,-376,-101,-100,0,-16,-3,-27,0,-50,-49,-66,-47,-137,-16,-23,-5,-70,-1,-64,-13,-110,-4,-2,0,-89,-44,-106,-34,-294,-270,-277,-272,-705,-667,-1208,-1191,-951,-649,-718,-722,-651,-595,-1285,-914,-847,-650,-29980,-29981,-29987,-29986,-29986,-29987,-29988,-29989,-29990,-29991,-29991,-29989,-29989,-29990,-29990,-29991]} 1. d4 Nf6 2. Nf3 g6 3. c4 Bg7 4. g3 O-O 5. Bg2 d6 6. O-O Nbd7 7. Nc3 e5 8. e4 exd4 9. Nxd4 Re8 10. h3 Nc5 11. Re1 a5 12. Ndb5 {is recently more successful than 12.Qc2.} Bd7 {[#]} 13. Nd5 $146 {E68: King's Indian: Fianchetto: 6...Nbd7 7 0-0 e5 8 e4.} (13. Bf4 $14 {keeps the upper hand.}) ({Predecessor:} 13. Qc2 a4 14. Be3 Bc6 15. Bxc5 dxc5 16. Rad1 Nd7 17. Nxa4 Bxb5 18. cxb5 Bd4 19. Nc3 Qf6 20. Nd5 Qd6 {½-½ (50) Vidit,S (2726)-Nielsen,P (2618) chess24.com INT 2021}) 13... Nxd5 $1 $17 14. exd5 Bxb5 (14... Rxe1+ $142 15. Qxe1 a4) 15. cxb5 {Black is better.} Rxe1+ 16. Qxe1 Bd4 17. Be3 Bxb2 18. Rb1 Ba3 (18... Bf6 $17 19. Qe2 b6) 19. Bd4 $11 {Threatens to win with Qe3.} Nd7 20. h4 Bc5 21. Ba1 Qe8 22. Qd2 Bb4 (22... Ne5 $17) 23. Qc2 Bc5 24. h5 (24. Qd2 $11) 24... Ne5 $15 25. Qe4 (25. Kf1 $15) 25... f5 $17 26. Qa4 {[%mdl 8192] [#]} (26. Qc2 $17 {keeps fighting.}) 26... Ng4 $2 (26... Bxf2+ $1 $19 {[%mdl 512] is more deadly.} 27. Kf1 (27. Kxf2 $2 Ng4+ 28. Qxg4 fxg4 $19) 27... Bxg3) 27. Bd4 Qe2 (27... gxh5 $6 28. Bxc5 dxc5 29. Qc4 $11) (27... b6 $17 28. Bxc5 bxc5) 28. Bxc5 $11 dxc5 29. Rf1 Re8 30. Qxa5 b6 ({Inferior is} 30... gxh5 31. Qxc7 Qxb5 32. d6 $16) 31. Qa7 Qe5 {Hoping for ...f4.} ({Weaker is} 31... gxh5 32. Qxc7 Qxb5 33. d6 $16) ({And not} 31... Qxb5 32. d6 $16) 32. Qa4 (32. hxg6 $15 hxg6 33. Bf3) 32... Nf6 (32... f4 $17 33. Bh3 Qxh5 34. Bxg4 Qxg4 35. Qxf4 Qxf4 36. gxf4 Kf7) 33. Qc4 Kg7 {With the idea ...g5.} 34. a4 (34. hxg6 $11 hxg6 35. a4) 34... Qd6 (34... Nxh5 $15 35. Bf3 Nxg3 36. fxg3 Qxg3+ 37. Bg2 Re4) 35. Qc3 (35. hxg6 $11 hxg6 36. Qc1) 35... f4 (35... gxh5 $15 36. a5 bxa5) 36. g4 (36. hxg6 $11 {remains equal.} hxg6 37. gxf4) 36... Re5 (36... Kh6 $17 37. hxg6 hxg6) 37. hxg6 hxg6 38. Qc4 (38. Bf3 $11) 38... Rg5 39. Re1 $1 {White is now going downhill.} Rxg4 ({Black should play} 39... Nxg4 $17 40. Re6 Qf8) 40. f3 $2 {[%mdl 8192]} ({Better is} 40. Qc3 $1 $15) 40... Rg5 41. Re6 Qxd5 42. Re7+ $2 (42. Qxd5 Nxd5 43. Kf2) 42... Kf8 $19 43. Qe2 Qd4+ 44. Kh2 Qd8 45. Re5 Rxe5 46. Qxe5 Qd6 47. Qg5 Kg7 48. Bh3 Qd4 49. Bg2 c4 {Black mates.} 50. Qh4 c3 51. Qe1 Qe3 52. Qd1 Qd2 53. Qb3 c2 54. Qe6 c1=Q 55. Qe7+ Kh6 56. Qxf6 Qce1 {Weighted Error Value: White=0.87/Black=0.58} 0-1

[Event "EYCC Girls U20 2021"]
[Site "Tornelo"]
[Date "2021.10.15"]
[Round "7.1"]
[White "Nosacheva, Mariya"]
[Black "Heydarova, Aytaj"]
[Result "1-0"]
[WhiteElo "2239"]
[BlackElo "1637"]
[Annotator "TA"]
[PlyCount "73"]
[EventDate "2021.10.15"]
[EventType "swiss"]
[EventCountry "NET"]
[SourceTitle "playchess.com"]
[Source "ChessBase"]
[SourceQuality "1"]

{[%evp 24,73,33,18,64,26,32,14,76,0,40,-416,-395,-368,0,-97,18,-47,0,-6,85,72,160,165,129,95,204,45,50,-83,-36,-127,-37,-20,-46,-186,0,0,95,-2,0,-74,-30,-42,-34,-47,-36,-39,526,519,614,603]} 1. e4 c5 2. Nf3 d6 3. d4 cxd4 4. Nxd4 Nf6 5. Nc3 g6 6. Be3 Bg7 7. f3 O-O 8. Qd2 Nc6 9. Bc4 Qa5 10. O-O-O Nxd4 11. Bxd4 Be6 12. Bb3 Rfc8 13. Kb1 Bxb3 {B77: Sicilian Dragon: Yugoslav Attack, 9 Bc4 sidelines.} 14. axb3 Rc6 {[#]} 15. h4 $146 ({Predecessor:} 15. Bxf6 Bxf6 16. Nd5 Qxd2 17. Nxf6+ Kg7 18. Nh5+ Kh6 19. Rxd2 Kxh5 20. e5 dxe5 21. Rd7 {½-½ (53) Schenkerik,C (2071)-Bihari,M (2030) Budapest 2014}) 15... Rac8 (15... b5 $11 {keeps the balance.}) 16. g4 (16. Nd5 $16 Qxd2 17. Rxd2 Nxd5 18. exd5) 16... b5 17. h5 $2 {[%mdl 8192]} (17. Nd5 $14 Qxd2 18. Rxd2 Nxd5 19. exd5) 17... Ra6 $19 {[%csl Ga6][%cal Ra5a1]} 18. Kc1 Qc7 $2 (18... e5 $19 19. Be3 d5) 19. hxg6 (19. Qd3 $1 $11) 19... hxg6 (19... Ra1+ $17 20. Nb1 hxg6) 20. Qh2 (20. Qd3 $1 $11) 20... Ra1+ 21. Kd2 {[#]} Ra6 (21... e5 $1 $11 {remains equal.} 22. Be3 (22. Rxa1 exd4 23. Nd1 Qxc2+ 24. Ke1 Qxb3 $15) 22... Rxd1+ 23. Kxd1 b4) 22. Ke1 {Strongly threatening Nd5.} (22. Bxf6 $6 Bxf6 23. Ke2 Kf8 $11) 22... e6 ({Black should try} 22... e5 23. Be3 b4) 23. e5 (23. Nxb5 Qxc2 24. Bxf6 (24. Nxa7 Qxh2 25. Rxh2 Rb8 $15) 24... Bxf6 $11) 23... dxe5 24. Bxe5 Qc5 (24... Qb6 $16) 25. Bd4 $2 (25. Kf1 $1 $18 Qe3 26. Kg2) 25... Qc7 $14 26. f4 (26. b4 $14 {keeps the upper hand.} Qxh2 27. Rxh2) 26... Qb7 27. Be5 {[#]} ({Of course not} 27. Bxf6 Bxf6 28. g5 Bg7 $17) (27. Qh4 $15) 27... Qf3 (27... b4 $1 $17 {[%cal Rb4c3]} 28. Ne2 (28. Bxf6 $2 Bxf6 29. Ne2 Kf8 $19) 28... Qe4) 28. Qh4 $1 $15 g5 29. Qh2 (29. fxg5 $15 Qe3+ {[%mdl 64] Double Attack} 30. Ne2 Qxe5 31. gxf6 Qxf6 32. Qh7+ Kf8 33. Rf1) 29... Qe3+ $2 ({Better is} 29... gxf4 $19 30. Bd4 Qg3+ 31. Qxg3 fxg3) 30. Ne2 $11 Kf8 {[#]} (30... gxf4 $11 31. Bxf4 Qe4) 31. fxg5 $40 {[%mdl 128] White has some attack.} (31. Bd4 $1 $16 {[%cal Rd4e3]} Qe4 32. fxg5 Nxg4 33. Bxg7+ Kxg7 34. Qh4) 31... Qxg5 32. Bd6+ (32. Bf4 $11 Qg6 33. Be5) 32... Ke8 {And now ...Nd5 would win.} 33. Bf4 Qg6 {aiming for ...Qe4.} ({Wrong is} 33... Qxg4 $2 34. Rg1 $18) 34. g5 Nd5 {Threatens to win with ...Qe4.} 35. Be5 Rxc2 $2 {[%mdl 8192]} (35... Bf8 $15 {stays ahead.} 36. Qh7 Qxh7 37. Rxh7 Ne3) 36. Bxg7 $18 {Qe5 is the strong threat.} Qxg7 37. Qb8+ {[%mdl 64] Double Attack.  Weighted Error Value: White=0.77/Black=0.89} 1-0

[Event "EYCC Girls U20 2021"]
[Site "Tornelo"]
[Date "2021.10.15"]
[Round "7.2"]
[White "Konecny, Sophie"]
[Black "Bucur, Denisa-Andreea"]
[Result "0-1"]
[WhiteElo "1864"]
[BlackElo "2049"]
[Annotator "TA"]
[PlyCount "72"]
[EventDate "2021.10.15"]
[EventType "swiss"]
[EventCountry "NET"]
[SourceTitle "playchess.com"]
[Source "ChessBase"]
[SourceQuality "1"]

{[%evp 21,72,25,31,0,14,10,8,-4,-1,0,-8,-16,1,-33,-27,-35,-41,-23,-25,-38,-39,-34,-31,-40,-24,-50,-25,-87,-90,-464,-456,-465,-434,-406,-375,-748,-708,-940,-908,-679,-491,-504,-522,-663,-512,-779,-502,-824,-783,-6299,-5235,-2586,-2329]} 1. d4 Nf6 2. Nf3 e6 3. c4 c5 4. d5 exd5 5. cxd5 d6 6. g3 g6 7. Bg2 Bg7 8. O-O O-O 9. Nc3 Re8 10. Bf4 a6 11. a4 Qc7 12. Nd2 {A62: Modern Benoni: Fianchetto Variation without early ...Nbd7.} Nh5 $1 13. Be3 Nd7 14. Nc4 {The position is equal.} Ne5 15. Qb3 Nxc4 16. Qxc4 {[#]} Rb8 $146 ({Predecessor:} 16... Bd7 17. a5 b5 18. axb6 Qxb6 19. Ra2 Bb5 20. Qb3 Nf6 21. Rfa1 Rxe3 22. Qxb5 axb5 23. Rxa8+ {0-1 (38) Fisher,W (2161)-Hungaski,R (2451) Philadelphia 2010}) 17. Ra3 Bd7 18. a5 b5 19. axb6 $1 Rxb6 20. Rxa6 Rxb2 21. Rc1 Reb8 22. Ra3 Nf6 23. h3 Bc8 24. Na2 (24. Qa4 $11 {remains equal.}) 24... Nd7 $17 25. f4 $2 {[%mdl 8192] Now White is beyond hope.} (25. Qh4 $17) 25... Nb6 $19 26. Qd3 Bf5 27. Qd1 Qe7 28. Kf1 $2 (28. Bf2 Rxe2 29. Bf3) 28... Be4 {Black is clearly winning.} 29. Bf3 Bxf3 30. exf3 Rxa2 {[%mdl 64] [#] Deflection} 31. Rxa2 Qxe3 32. Kg2 Bd4 33. Re2 (33. Rb1 $142 Qe8 34. Re2) 33... Qa3 34. Rcc2 (34. Rb1 $142 Qa6 35. Re4) 34... Nxd5 35. Ra2 {[#]} Qxa2 $3 {[%mdl 576] Deflection} 36. Rxa2 Ne3+ {[%mdl 64] Double Attack.  Weighted Error Value: White=1.32/Black=0.48} 0-1

[Event "EYCC Girls U20 2021"]
[Site "Tornelo"]
[Date "2021.10.15"]
[Round "7.3"]
[White "Afonasieva, Anna"]
[Black "Sliwicka, Alicja"]
[Result "0-1"]
[WhiteElo "2227"]
[BlackElo "2304"]
[Annotator "TA"]
[PlyCount "84"]
[EventDate "2021.10.15"]
[EventType "swiss"]
[EventCountry "NET"]
[SourceTitle "playchess.com"]
[Source "ChessBase"]
[SourceQuality "1"]

{[%evp 19,84,-10,-4,-33,-20,-29,-32,-45,-21,-36,-32,-26,-20,-24,-27,-35,-12,-70,-75,-75,-73,-110,-23,-32,-21,-31,-1,-1,-8,-17,0,-10,-12,-110,-39,-86,-85,-43,-46,-37,9,0,0,-33,-29,-27,0,-322,-306,-313,-318,-314,-310,-12159,-6744,-29991,-29992,-29992,-29974,-29964,-29964,-6203,-5401,-5401,-5401,-2004,-1850]} 1. Nf3 Nf6 2. b3 g6 3. Bb2 Bg7 4. e3 c5 5. Be2 Nc6 6. O-O d5 7. d4 cxd4 8. exd4 O-O 9. Nbd2 b6 10. c4 Bb7 11. a3 {[#] A30: Symmetrical English: Double Fianchetto and Hedgehog.} dxc4 $146 ({Predecessor:} 11... Rc8 12. Rc1 Qd6 13. c5 bxc5 14. dxc5 Qb8 15. b4 a6 16. Qa4 e5 17. h3 Qc7 18. Rfe1 Rfe8 {½-½ (68) Pogosyan,S (2459)-Donchenko,A (2644) Moscow 2019}) 12. Nxc4 Rc8 13. Rc1 {Black is slightly better.} Nd5 14. Re1 Nf4 15. Bf1 Qd7 16. Nfe5 Nxe5 17. dxe5 Qe6 {White must now prevent ...Rfd8.} 18. Rc3 ({White should try} 18. Ne3 $11) 18... Rfd8 $15 19. Qc1 Bh6 20. Qc2 {[#]} b5 (20... Qd5 $1 $17 {[%cal Rf4g2]} 21. Ne3 Rxc3 22. Bxc3 Qc6) 21. Ne3 $11 a6 22. Rd1 Bg7 23. Rxd8+ Rxd8 24. Rc7 Ba8 25. Qc5 Bf8 26. b4 {[#]} (26. Ra7 $11) 26... h5 (26... Be4 $1 $17 27. h4 Bd3) 27. a4 Nd3 28. Bxd3 Rxd3 29. axb5 axb5 (29... Qa2 {seems wilder.} 30. Qc1 Rb3 31. Nc4 axb5 32. Rc8 Qa6) 30. Qxb5 Rb3 31. Rc2 Be4 32. Rd2 Qc8 $36 {[%mdl 2048] And now ...Rxb2! would win. Black has good play.} 33. h3 $2 {[%mdl 8192] [#]} (33. Qa4 $11 {and White stays safe.} Qe6 34. h3) 33... Rxb2 $1 $19 {[%mdl 576] Remove Defender, Decoy} 34. Rxb2 {Qc4 is the strong threat.} Qc1+ {[%mdl 64] Double Attack} 35. Nd1 Qxd1+ 36. Kh2 $2 (36. Qf1 Qd4 37. Re2) 36... Bh6 {( -> ...Bf4+)} 37. f3 Bf4+ 38. g3 {[#]} Bxg3+ $1 {[%mdl 512]} 39. Kxg3 Qxf3+ 40. Kh2 Qf4+ {Black is clearly winning.} 41. Kg1 Qg3+ {[%mdl 64] Double Attack} 42. Kf1 Bd3+ {Weighted Error Value: White=0.80/Black=0.28} 0-1

[Event "EYCC Girls U20 2021"]
[Site "Tornelo"]
[Date "2021.10.15"]
[Round "7.4"]
[White "Schulze, Lara"]
[Black "Hereklioglu, Sude"]
[Result "1-0"]
[WhiteElo "2250"]
[BlackElo "1905"]
[Annotator "TA"]
[PlyCount "49"]
[EventDate "2021.10.15"]
[EventType "swiss"]
[EventCountry "NET"]
[SourceTitle "playchess.com"]
[Source "ChessBase"]
[SourceQuality "1"]

{[%evp 9,49,26,50,39,36,37,33,39,90,88,93,92,100,77,74,78,71,49,51,32,86,75,351,168,787,702,703,702,900,585,583,558,524,456,577,567,1065,1020,933,621,1480,1422]} 1. e4 g6 2. d4 Bg7 3. Nf3 d6 4. Bc4 Nf6 5. Qe2 Bg4 6. e5 {B06: Modern Defence.} dxe5 {[#] ...e4 is the strong threat.} 7. Bxf7+ $1 {[%mdl 64] Decoy} Kxf7 8. Nxe5+ {[%mdl 64] Double Attack. White is slightly better.} Kf8 (8... Ke8 $1 $14 9. Nxg4 Qxd4 10. Nxf6+ Qxf6) 9. Nxg4 $16 Qxd4 10. Nxf6 Bxf6 {[#]} 11. Bh6+ $146 ({Predecessor:} 11. Nc3 Nc6 12. O-O Kg7 13. Ne4 Rad8 14. c3 Qd3 15. Qxd3 Rxd3 16. Nc5 Rd5 17. Be3 {0-1 (41) Nikolov,S (2302)-Burovic,R (2429) Kragujevac 2019}) 11... Kf7 12. Nc3 Nc6 13. O-O Qh4 {[#] And now ...Bxc3 would win.} 14. Be3 Raf8 (14... Bxc3 $14 15. bxc3 Rhd8) 15. f4 Ke8 $2 {[%mdl 8192] Loses the game.} (15... Bxc3 $16 16. Qc4+ (16. bxc3 Qf6 $14) 16... Kg7 17. bxc3 (17. Qxc3+ Qf6 $14) 17... Qf6) 16. Qb5 (16. Nb5 $142) 16... g5 $2 (16... Bxc3 17. bxc3 Kf7 18. Qxb7 Qf6 19. Qb3+ (19. Qxc7 Qxc3 20. Rae1 Rc8 $16) 19... Kg7) 17. Qxb7 {White is clearly winning.} Nd8 18. Qxc7 Rhg8 19. f5 Kf7 20. Rae1 Kg7 21. Bf2 Qb4 22. Nd5 Qxb2 23. Nxf6 Qxf6 24. Rxe7+ Nf7 25. c3 {Weighted Error Value: White=0.64/Black=0.71} 1-0

[Event "EYCC Girls U20 2021"]
[Site "Tornelo"]
[Date "2021.10.15"]
[Round "7.5"]
[White "Radeva, Viktoria"]
[Black "Cvitan, Ena"]
[Result "1/2-1/2"]
[WhiteElo "2314"]
[BlackElo "2260"]
[Annotator "TA"]
[PlyCount "59"]
[EventDate "2021.10.15"]
[EventType "swiss"]
[EventCountry "NET"]
[SourceTitle "playchess.com"]
[Source "ChessBase"]
[SourceQuality "1"]

{[%evp 10,59,24,24,24,27,28,14,20,20,29,23,23,18,15,18,17,6,24,0,0,0,0,0,3,0,5,0,9,0,0,-5,0,-10,0,0,0,0,0,0,8,8,7,7,8,5,10,0,0,-33,49,29]} 1. e4 c6 2. Nc3 d5 3. Nf3 dxe4 4. Nxe4 Nf6 5. Qe2 Nxe4 6. Qxe4 Be6 {B11: Caro-Kann: Two Knights Variation.} 7. c4 Nd7 8. d4 Nf6 {The position is equal.} 9. Qf4 Qd6 {[#]} (9... g6 10. Be2 Bg7 11. O-O O-O 12. Bd2 Bf5 13. Bc3 Ne4 14. Bb4 Qb6 15. Ba3 Nf6 16. Ne5 {½-½ (36) Radeva,V (2337)-Cvitan,E (2276) Chess.com INT 2020}) 10. Be2 $146 ({Predecessor:} 10. Bd3 Qxf4 11. Bxf4 g6 12. O-O-O Bg4 13. Be2 Ne4 14. Be3 Nd6 15. b3 Nf5 16. Bf4 {½-½ (46) Zarubitski,V (2442)-Ravi,T (2469) chess.com INT 2020}) 10... h6 11. O-O Qxf4 12. Bxf4 g5 13. Be3 Bg7 14. Rfd1 O-O 15. Rac1 Rfd8 16. h3 Bf5 17. g4 Be4 18. Nd2 Bg6 19. Bf3 e6 20. Kg2 Rab8 21. a3 Ne8 22. Nb3 f5 23. gxf5 exf5 24. d5 g4 25. hxg4 fxg4 26. Bxg4 {Hoping for Nd4.} Bxb2 27. Be6+ ({Of course not} 27. Bxh6 Bxc1 28. Rxc1 cxd5 $17) 27... Kh7 28. Bxa7 Bxc1 29. Bxb8 Bxa3 (29... Bg5 $1 $15 30. Be5 Bc2 {[%mdl 64] Double Attack}) 30. Be5 {Weighted Error Value: White=0.05/Black=0.07} 1/2-1/2

[Event "EYCC Girls U20 2021"]
[Site "Tornelo"]
[Date "2021.10.15"]
[Round "8.1"]
[White "Heydarova, Aytaj"]
[Black "Cvitan, Ena"]
[Result "1/2-1/2"]
[WhiteElo "1637"]
[BlackElo "2260"]
[Annotator "TA"]
[PlyCount "70"]
[EventDate "2021.10.15"]
[EventType "swiss"]
[EventCountry "NET"]
[SourceTitle "playchess.com"]
[Source "ChessBase"]
[SourceQuality "1"]

{[%evp 9,70,-28,-18,-15,-11,-10,-9,-15,0,-49,-41,-51,-53,-61,-38,-78,-48,-63,-28,-82,6,0,48,-59,0,0,0,0,0,0,37,51,43,31,47,39,231,221,228,234,461,451,450,425,390,365,435,309,472,302,558,556,554,532,540,534,514,158,170,156,239,124,115]} 1. Nf3 d5 2. g3 c5 3. Bg2 Nc6 4. O-O e5 5. d3 h6 6. Nbd2 {A08: King's Indian Attack.} Be6 7. e4 d4 8. Nc4 {The position is equal.} Qc7 9. a4 {[#]} O-O-O $146 ({Predecessor:} 9... Nf6 10. Nh4 Bxc4 11. dxc4 g5 12. Nf5 Ne7 13. Re1 Nxf5 14. exf5 Bd6 15. a5 a6 {1-0 (28) Sadykov,A (1911)-Nazarian,L Belgorod 2009}) 10. Nfd2 g5 11. a5 Nge7 12. Nb1 Ng6 13. Nba3 Qd7 14. Bd2 (14. c3 $11) 14... Bd6 (14... Kb8 $17) 15. Nb5 $36 {[%mdl 2048] White is more active.} Bb8 16. Qe1 (16. a6 $14) 16... Rdg8 (16... Bxc4 $15 17. dxc4 a6) 17. b4 Nxb4 18. Bxb4 Qxb5 {[%mdl 64] Double Attack} 19. Ba3 Bxc4 20. dxc4 Qxc4 21. Bh3+ Kc7 22. Qd2 b5 $2 (22... g4 $14 23. Bxg4 Nf4 $1) 23. axb6+ $1 $18 axb6 24. Rfb1 Ne7 $2 {[#]} (24... Nh4 {was called for.} 25. gxh4 gxh4+ 26. Kh1 Rg6) 25. Bf1 $1 {[%cal Rf1c4]} Qe6 {[#]} 26. Bxc5 $1 {[%mdl 512]} Nc8 27. Ba3 Qc6 28. Bd3 Rg6 (28... Nd6 $142 29. Qb4 Rc8) 29. Rb5 Kd7 $2 (29... Kd8 {is a better defense.} 30. Rd5+ Bd6) 30. Rd5+ Ke6 31. Bb5 Qc3 32. Qxc3 dxc3 33. Bd7+ $2 (33. Bc4 {White threatens Rd3+ and mate.} Kf6 34. Rd7) 33... Kf6 34. Bb4 Rd8 (34... Kg7 $16 35. Kg2 (35. Bxc3 Ne7 $16) 35... g4 36. Bxc3 Ne7) 35. Bxc3 ({White should play} 35. Ra8 $18 Ne7 36. Rd3) 35... Ne7 {Weighted Error Value: White=0.35/Black=0.47} 1/2-1/2

[Event "EYCC Girls U20 2021"]
[Site "Tornelo"]
[Date "2021.10.15"]
[Round "8.2"]
[White "Hereklioglu, Sude"]
[Black "Radeva, Viktoria"]
[Result "1/2-1/2"]
[WhiteElo "1905"]
[BlackElo "2314"]
[Annotator "TA"]
[PlyCount "88"]
[EventDate "2021.10.15"]
[EventType "swiss"]
[EventCountry "NET"]
[SourceTitle "playchess.com"]
[Source "ChessBase"]
[SourceQuality "1"]

{[%evp 18,88,18,-2,0,-10,-8,-27,-16,-18,4,-29,-29,-38,-32,-32,-26,-16,-21,-20,-16,-33,-26,-17,-14,-23,-7,-14,-3,-40,-48,-77,-75,-60,-21,-81,-43,-48,-31,-32,-1,-7,-2,-32,-15,-15,0,0,0,0,0,0,0,-19,-20,-20,-74,-71,-52,-12,0,0,0,0,0,0,0,0,0,0,0,0,0]} 1. Nf3 d5 2. g3 c6 3. Bg2 Bg4 4. d4 Nd7 5. O-O e6 6. Nbd2 Ngf6 7. b3 Be7 8. Bb2 O-O 9. Ne5 Bf5 10. c4 a5 {A12: English Opening: 1...c6 with b3 by White.} 11. h3 h6 12. f4 Bh7 {[#] Black has an edge.} 13. a3 $146 ({Predecessor:} 13. Kh2 Bb4 14. a3 Bxd2 15. Qxd2 Be4 16. Bf3 Re8 17. g4 Bxf3 18. exf3 Nh7 19. Rae1 {½-½ (68) Mohammad,D (1973)-Chowdhury,S (2132) Dhaka 2014}) 13... Qb6 14. c5 Qc7 15. e3 b6 16. b4 Nxe5 17. fxe5 ({Much weaker is} 17. dxe5 Nd7 $17) 17... Nd7 18. e4 axb4 19. axb4 Rxa1 20. Bxa1 bxc5 21. bxc5 Qa5 22. exd5 exd5 23. Qe2 Qa3 {...Bd3 is the strong threat.} 24. Qf3 Qxf3 25. Bxf3 Bg5 26. Nb3 (26. Bc3 $11 {keeps the balance.}) 26... Bd3 27. Re1 Bc4 28. h4 {[#]} Bxh4 $1 29. gxh4 {Strongly threatening Na5.} Bxb3 30. Rb1 Bc4 31. Rb7 {[#]} Ra8 $1 32. Rxd7 Rxa1+ $11 {[%mdl 4096] Endgame KRB-KRB} 33. Kf2 Ra2+ 34. Ke3 Ra3+ 35. Kf4 Rd3 {White should prevent ...Kf8.} 36. e6 fxe6 37. Bh5 {And now Bg6 would win.} Rxd4+ 38. Ke5 $1 Re4+ {The position is equal.} 39. Kd6 g5 40. Rd8+ Kg7 41. Rd7+ Kf8 42. Rd8+ Kg7 43. Rd7+ Kf8 44. Rd8+ Kg7 {Weighted Error Value: White=0.10/Black=0.07} 1/2-1/2

[Event "EYCC Girls U20 2021"]
[Site "Tornelo"]
[Date "2021.10.15"]
[Round "8.3"]
[White "Sliwicka, Alicja"]
[Black "Schulze, Lara"]
[Result "0-1"]
[WhiteElo "2304"]
[BlackElo "2250"]
[Annotator "TA"]
[PlyCount "136"]
[EventDate "2021.10.15"]
[EventType "swiss"]
[EventCountry "NET"]
[SourceTitle "playchess.com"]
[Source "ChessBase"]
[SourceQuality "1"]

{[%evp 13,136,33,35,14,12,15,14,0,7,14,27,0,0,-43,-41,-55,-45,-50,-39,-39,-33,-37,-22,-108,-115,-103,-105,-103,-92,-89,-78,-64,-82,-215,-215,-288,-287,-349,-55,-41,-54,-54,42,41,50,47,29,31,35,0,0,0,0,-25,-6,-85,-85,-156,-141,-149,-153,-258,-225,-225,-130,-127,-127,-275,-256,-327,-247,-239,-241,-254,-255,-253,-253,-657,-640,-577,-597,-625,-460,-513,-447,-895,-501,-504,-522,-764,-760,-744,-738,-682,-655,-1837,-1827,-1760,-1720,-1697,-1661,-1687,-1686,-1685,-1662,-1522,-1431,-1090,-984,-1260,-923,-857,-739,-2090,-1531,-29980,-29979,-29983,-29984,-29988,-29989,-29989,-29990,-29996,-2360]} 1. e4 c5 2. Nf3 Nc6 3. d4 cxd4 4. Nxd4 Nf6 5. Nc3 d6 6. Bb5 Bd7 7. Bg5 e6 8. Qd3 {is now more promising than 8.Bxc6. B62: Sicilian: Richter-Rauzer: 6...e6: Unusual White 7th moves.} Be7 9. O-O-O O-O 10. Bxc6 {The position is equal.} bxc6 11. Nb3 {[#]} Bc8 $146 ({Predecessor:} 11... d5 12. e5 Ng4 13. Bxe7 Qxe7 14. Qd4 Nh6 15. f4 f6 16. exf6 Qxf6 17. g3 Nf5 18. Qxf6 gxf6 {½-½ (26) Giri,A (2764)-Vachier Lagrave,M (2784) chess24.com INT 2020}) 12. f4 d5 13. Bxf6 Bxf6 14. Na4 a5 15. Nbc5 Qc7 16. Rhf1 Rb8 17. a3 Rb5 18. Nb3 (18. e5 $11 Be7 19. Qd4) 18... dxe4 $17 19. Qxe4 c5 {[%cal Bc6c5,Bc5c4][%mdl 32]} 20. g4 g6 21. h4 c4 22. Nd4 Rb8 {Hoping for ...Bd7.} 23. Qc6 {[#]} (23. f5 $17 {was called for.} Bb7 24. Qe3 exf5 25. gxf5) 23... Qa7 $1 $19 24. Qc5 {[#]} Qb7 {aiming for ...Bd7.} 25. Nc6 Bd7 $2 (25... Bxb2+ $19 26. Nxb2 Qxb2+ 27. Kd2 Bb7 28. Ne7+ Kg7 29. Qe5+ Qxe5 30. fxe5 Rbe8 31. Nxg6 fxg6) 26. Rxd7 $1 $15 Qxd7 27. Nxb8 Qxa4 (27... Rxb8 $15 28. g5 Bg7 29. Qxc4 Qb7) 28. Nc6 $14 c3 29. b3 Qe4 30. g5 Bg7 31. Ne5 Qe2 $40 {[%cal Re2f1][%mdl 128] Black has some attack.} 32. Rd1 Qh2 33. Qe3 Qxh4 34. Rg1 (34. Nc6 $11 {keeps the balance.}) 34... Rd8 $17 35. Rg4 (35. Kb1 $142) 35... Qh1+ 36. Rg1 Qh2 37. Rd1 (37. Ng4 $17 Rd3 38. Qxd3 Qxg1+ {[%mdl 64] Double Attack} 39. Qd1) 37... Rxd1+ 38. Kxd1 Qh1+ ({Black should try} 38... h5 $19 {White must now prevent ...Bxe5.} 39. gxh6 Bxh6) 39. Ke2 h6 40. Nf3 (40. gxh6 $17 Bxh6 41. Nf3) 40... h5 41. b4 Qb1 {[%mdl 64] Double Attack} 42. Qe4 axb4 43. axb4 Bf8 44. Ne5 Qxb4 45. Qe3 (45. Qxb4 Bxb4 46. Nd7) 45... Bc5 $19 46. Qf3 Qd4 {Threatens to win with ...Qd2+.} 47. Nd3 Bd6 48. Qa8+ Bf8 49. Qc8 (49. Qg2 $142) 49... Kg7 50. Kf3 Bd6 51. Qd8 Qd5+ 52. Ke2 Qg2+ 53. Ke3 Qd2+ 54. Kf3 Qd1+ 55. Ke4 {[#]} Bc5 $1 {[%cal Rd1e2][%mdl 512]} 56. Qf6+ Kg8 {[%cal Rd1e2]} 57. Nxc5 Qd5+ {[%mdl 64] Double Attack} 58. Ke3 Qxc5+ {[%mdl 4096] Endgame KQ-KQ} 59. Ke2 Qf5 60. Qxc3 Qe4+ 61. Kd1 Qxf4 62. Qc8+ Kh7 63. Qf8 e5 64. Qe7 e4 {Black mates.} 65. c4 e3 66. c5 Qf2 {[%csl Ge3][%cal Rf2d2]} 67. Kc1 e2 68. Kd2 e1=Q+ {[%mdl 64] Double Attack.  Weighted Error Value: White=0.46/Black=0.31} 0-1